000 00545nam a2200193Ia 4500
003 LDD
008 181101s9999 xx 000 0 und d
020 _a818766794x
_c250.00
040 _cLDD
100 _aAnsari, Nami
245 0 _aAzaadi ke baad urdu nasr main tanz o mizah
_cNami Ansari
250 _a4th ed.
260 _aDelhi
_bEducational Publishing House
_c2015
300 _a219p.
901 _a15920
_b17-03-2017
902 _a2840
_b17-03-2017
_cF
_dPIBD
_e8U
903 _a20
_bReqst by : Mohd Akbar
942 _2ddc
_cUR
999 _c177
_d177